Normal view
MARC view
- Project Supervisor Dr. Taosif Iqbal
Entry Corporate Name
001 - CONTROL NUMBER
- control field: 86206
003 - CONTROL NUMBER IDENTIFIER
- control field: NUST
005 - DATE AND TIME OF LATEST TRANSACTION
- control field: 20211209113803.0
008 - FIXED-LENGTH DATA ELEMENTS
- fixed length control field: 211209|| aca||aabn | a|a d
040 ## - CATALOGING SOURCE
- Original cataloging agency: NUST
- Transcribing agency: NUST
110 ## - HEADING--CORPORATE NAME
- Corporate name or jurisdiction name as entry element: Project Supervisor Dr. Taosif Iqbal
670 ## - SOURCE DATA FOUND
- Source citation: Work cat.: (NUST): Hamza Ali Zubair Ahmed Anosha Tahseen Tayyabah Hasnain 86205, PR-SOF-2073-Shunt Active Power FIlter, 2021.
